<?xml version="1.0" encoding="UTF-8"?>
<record
    xmlns:xsi="http://www.w3.org/2001/XMLSchema-instance"
    xsi:schemaLocation="http://www.loc.gov/MARC21/slim http://www.loc.gov/standards/marcxml/schema/MARC21slim.xsd"
    xmlns="http://www.loc.gov/MARC21/slim">

  <leader>02329nam a2200217 a 4500</leader>
  <controlfield tag="001">000000417</controlfield>
  <controlfield tag="003">DO-SdBNP</controlfield>
  <controlfield tag="005">20250527113225.0</controlfield>
  <controlfield tag="008">081112s2007    dr a    a     000 0 spa d</controlfield>
  <datafield tag="040" ind1=" " ind2=" ">
    <subfield code="a">DO-SdBNP</subfield>
    <subfield code="b">spa</subfield>
    <subfield code="c">BNPHU</subfield>
  </datafield>
  <datafield tag="082" ind1=" " ind2=" ">
    <subfield code="a">658.11</subfield>
    <subfield code="b">L473m</subfield>
  </datafield>
  <datafield tag="100" ind1="1" ind2=" ">
    <subfield code="a">Ledesma Ure&#xF1;a, Ar&#xED;stides</subfield>
    <subfield code="9">1393</subfield>
  </datafield>
  <datafield tag="245" ind1="1" ind2="0">
    <subfield code="a">Multinivel :</subfield>
    <subfield code="b">gu&#xED;a pr&#xE1;ctica para la construcci&#xF3;n de redes /</subfield>
    <subfield code="c">Ar&#xED;stides Ledesma Ure&#xF1;a.</subfield>
  </datafield>
  <datafield tag="260" ind1=" " ind2=" ">
    <subfield code="a">Santo Domingo :</subfield>
    <subfield code="f">JR Grafic,</subfield>
    <subfield code="c">2007.</subfield>
  </datafield>
  <datafield tag="300" ind1=" " ind2=" ">
    <subfield code="a">138 p. :</subfield>
    <subfield code="b">il. ;</subfield>
    <subfield code="c">22 cm.</subfield>
  </datafield>
  <datafield tag="505" ind1="1" ind2=" ">
    <subfield code="a">Prefacio -- Enfoque general -- Historia del negocio de multinivel -- La gran alternativa -- Agenda laboral -- Decisiones -- Haga una lista de candidatos y mantengala actualizada -- Los centros de influencia -- Eleentos de la entrevista y de la contactaci&#xF3;n -- &#xBF;A quienes me dirijo para integrarlos en mi negocio? -- El plan de negocio -- Pasos a seguir al momento de la presentaci&#xF3;n del plan de negocio -- Mis primeras presentaciones del plan de negocio -- Miedo esc&#xE9;nico -- T&#xE9;cnicas para dominar las emociones en el escenario -- El vendedor -- Normas b&#xE1;sicas para el vendedor -- &#xBF;por qu&#xE9; el negocio de multinivel genera tantos beneficios? -- El multinivelista -- Razones para confiar -- &#xBF;Porqu&#xE9; este negocio como carrera profesional? -- Negocio y amistad -- Ejemplo de familiaridad -- Compresi&#xF3;n -- Decisi&#xF3;n y disciplina -- Integraci&#xF3;n total -- Metamorfosis -- El gui&#xF3;n conductual -- La honestidad y la confianza -- Maquinaria para avanzar -- T&#xE9;cnicas para el crecimiento de grupos -- Las metas en el negocio de multinivel -- El pensamiento -- Los elementos de base del pensamiento -- Valor intr&#xED;nseco del tiempo -- Al comp&#xE1;s del reloj -- Libertad financiera -- Perseverancia -- No permitas que nadie quebrante tu esp&#xED;ritu -- Decisi&#xF3;n -- El entusiasmo -- Factores y elementos favorables al entusiasmo -- Actitud y positivismo -- El premio -- Los caza fortunas -- El recuerdo -- El factor multiplicativo en el negocio de multinivel -- Causas y efectos de la duplicaci&#xF3;n -- Conexi&#xF3;n -- Renovaci&#xF3;n -- Miembro activo -- &#xBF;Se deben edificar a los l&#xED;deres de las l&#xED;neas descendentes -- Frases y reflexiones del autor -- Definiendo t&#xE9;rminos.</subfield>
  </datafield>
  <datafield tag="590" ind1=" " ind2=" ">
    <subfield code="a">Inventariado, 2018/ YL</subfield>
  </datafield>
  <datafield tag="590" ind1=" " ind2=" ">
    <subfield code="a">Libro autografiado por el autor</subfield>
  </datafield>
  <datafield tag="650" ind1=" " ind2="0">
    <subfield code="a">Administraci&#xF3;n industrial</subfield>
    <subfield code="9">5872</subfield>
  </datafield>
  <datafield tag="942" ind1=" " ind2=" ">
    <subfield code="2">ddc</subfield>
    <subfield code="c">LBS1</subfield>
  </datafield>
  <datafield tag="952" ind1=" " ind2=" ">
    <subfield code="0">0</subfield>
    <subfield code="1">1</subfield>
    <subfield code="5">4</subfield>
    <subfield code="7">5</subfield>
    <subfield code="8">DS</subfield>
    <subfield code="a">BNPHU</subfield>
    <subfield code="b">BNPHU</subfield>
    <subfield code="c">MI</subfield>
    <subfield code="d">2009-08-26</subfield>
    <subfield code="i">LF1</subfield>
    <subfield code="l">0</subfield>
    <subfield code="o">658.11 L473m</subfield>
    <subfield code="p">417-30</subfield>
    <subfield code="r">2020-06-25</subfield>
    <subfield code="t">e. 3</subfield>
    <subfield code="w">2020-06-25</subfield>
    <subfield code="y">LF1</subfield>
    <subfield code="Z">Pr&#xE9;stamo en sala</subfield>
  </datafield>
  <datafield tag="952" ind1=" " ind2=" ">
    <subfield code="0">0</subfield>
    <subfield code="1">0</subfield>
    <subfield code="7">2</subfield>
    <subfield code="8">PD</subfield>
    <subfield code="a">BNPHU</subfield>
    <subfield code="b">BNPHU</subfield>
    <subfield code="c">HD</subfield>
    <subfield code="d">2009-07-25</subfield>
    <subfield code="i">LF1</subfield>
    <subfield code="l">0</subfield>
    <subfield code="o">658.11 L473m</subfield>
    <subfield code="p">417-10</subfield>
    <subfield code="r">2020-06-25</subfield>
    <subfield code="w">2020-06-25</subfield>
    <subfield code="y">LF1</subfield>
    <subfield code="Z">No se presta</subfield>
  </datafield>
  <datafield tag="952" ind1=" " ind2=" ">
    <subfield code="0">0</subfield>
    <subfield code="1">0</subfield>
    <subfield code="7">2</subfield>
    <subfield code="8">PD</subfield>
    <subfield code="a">BNPHU</subfield>
    <subfield code="b">BNPHU</subfield>
    <subfield code="c">HD</subfield>
    <subfield code="d">2009-07-25</subfield>
    <subfield code="i">LF1</subfield>
    <subfield code="l">0</subfield>
    <subfield code="o">658.11 L473m</subfield>
    <subfield code="p">417-20</subfield>
    <subfield code="r">2020-06-25</subfield>
    <subfield code="t">e. 2</subfield>
    <subfield code="w">2020-06-25</subfield>
    <subfield code="y">LF1</subfield>
    <subfield code="Z">No se presta</subfield>
  </datafield>
  <datafield tag="999" ind1=" " ind2=" ">
    <subfield code="c">415</subfield>
    <subfield code="d">415</subfield>
  </datafield>
</record>
